Specific Bob's Burgers Quiz - Statistics

General Stats
  • This quiz has been taken 47 times
  • The average score is 5 of 9
Answer Stats
Hint Answer % Correct
What do the kids (and Rudy) steal from the front of the wine train? Chocolate
94%
What is the name of the "ghost" from the episode "Tina and the Real Ghost" Jeff
78%
What is the name of the robber who holds a group of people hostage at the bank? Mickey
78%
What does Jimmy Pesto want to make Bob's restaurant into if he buys it? A Gift Shop
72%
What store does Linda work at in the episode "Lindapendent Woman" Fresh Feed
44%
what kind of offensive paintings does aunt Gayle hang in the restaurant? Animal buttholes
31%
What is Gene's favorite museum exhibit? Sands From Exotic Lands
31%
What does the Moodie Foodie disguise himself as when he reviews the restaurant? A Hasidic Jew
25%
What is the name of the bank? First Oceanside Savings Bank
11%
No matching quizzes found
Score Distribution
Percent of People with Each Score
Percentile by Number Answered
Your Score History
You have not taken this quiz